LEADER 02707nas 2200673-a 450 001 996204694303316 005 20230522213016.0 011 $a1874-4621 035 $a(DE-599)ZDB2422325-6 035 $a(OCoLC)150474307 035 $a(CKB)1000000000366475 035 $a(CONSER)--2017205870 035 $a(EXLCZ)991000000000366475 100 $a20070301a20089999 s-- a 101 0 $aeng 135 $aur||||||||||| 181 $ctxt$2rdacontent 182 $cc$2rdamedia 183 $acr$2rdacarrier 200 00$aApplied spatial analysis and policy 210 $aDordrecht $cSpringer Netherlands$d©2008- 215 $a1 online resource 300 $aRefereed/Peer-reviewed 311 $a1874-463X 330 3 $aApplied Spatial Analysis and Policy draws on spatial analysis for the assembly and interpretation of evidence, addressing such issues as crime and deprivation, immigration and demographic restructuring, retail activity and employment change, resource management and environmental improvement. The journal draws on applied research from such sources as transport, policing, education, health, environment and leisure to offer comparative policy analysis between domains and locations, and to stimulate ideas on the application of spatial analysis methods across varied policy contexts. 517 1 $aAppl. Spatial. Analysis 531 $aAPPLIED SPATIAL ANALYSIS & POLICY 531 $aAPPL. SPAT. ANAL. POLICY 531 $aAPPL SPAT ANAL POLIC 606 $aSpatial analysis (Statistics)$vPeriodicals 606 $aGeographic information systems$vPeriodicals 606 $aAnalyse spatiale (Statistique)$vPériodiques 606 $aSystèmes d'information géographique$vPériodiques 606 $aGeographic information systems$2fast$3(OCoLC)fst00940423 606 $aSpatial analysis (Statistics)$2fast$3(OCoLC)fst01128784 608 $aPeriodicals.$2fast 610 00$asociale geografie 610 00$asocial geography 610 00$asociale ecologie 610 00$ahuman ecology 610 00$amens 610 00$aman 610 00$ademografie 610 00$ademography 610 00$aruimtelijke analyse 610 00$aspatial analysis 610 10$aSocial Geography 610 10$aSociale geografie 615 0$aSpatial analysis (Statistics) 615 0$aGeographic information systems 615 6$aAnalyse spatiale (Statistique) 615 6$aSystèmes d'information géographique 615 7$aGeographic information systems. 615 7$aSpatial analysis (Statistics) 676 $a910.28505 906 $aJOURNAL 912 $a996204694303316 996 $aApplied spatial analysis and policy$92119896 997 $aUNISA LEADER 03546oam 2200685I 450 001 9910957502803321 005 20251116155513.0 010 $a1-136-26737-9 010 $a0-203-10879-5 010 $a1-283-87185-8 010 $a1-136-26738-7 024 7 $a10.4324/9780203108796 035 $a(CKB)2550000000709680 035 $a(EBL)1097851 035 $a(OCoLC)823388811 035 $a(SSID)ssj0000810480 035 $a(PQKBManifestationID)11503828 035 $a(PQKBTitleCode)TC0000810480 035 $a(PQKBWorkID)10828447 035 $a(PQKB)10956942 035 $a(MiAaPQ)EBC1097851 035 $a(Au-PeEL)EBL1097851 035 $a(CaPaEBR)ebr10635048 035 $a(CaONFJC)MIL418435 035 $a(OCoLC)900237585 035 $a(EXLCZ)992550000000709680 100 $a20180706d2012 uy 0 101 0 $aeng 135 $aur|n|---||||| 181 $ctxt 182 $cc 183 $acr 200 00$aBanks as multinationals /$fedited by Geoffrey Jones 205 $a1st ed. 210 1$aAbingdon, Oxon :$cRoutledge,$d2012. 215 $a1 online resource (321 p.) 225 0 $aRoutledge library editions. Banking & finance ;$vv. 18 300 $aFirst published in 1990 by Routledge. 311 08$a0-415-75166-7 311 08$a0-415-53271-X 320 $aIncludes bibliographical references and index. 327 $aCover; Title; Copyright; Contents; List of figures and tables; List of contributors; Preface; 1 Banks as multinationals; 2 Evolution of multinational banks: a theoretical perspective; 3 Competitive advantages in British multinational banking since 1890; 4 Paradise lost? British banks in Australia; 5 Structural alternatives and constraints in the evolution of exchange banking; 6 German banks abroad before 1914; 7 The Rothschilds: ownership advantages in multinational banking; 8 The Imperial Ottoman Bank in the later nineteenth century: a multinational 'national' bank? 327 $a9 Swiss international banking, 1890-195010 Chinese business and banking in South-East Asia since 1870; 11 The Yokohama Specie Bank: a multinational in the Japanese interest 1879-1931; 12 Banks over borders: some evidence from their pre-1914 history; 13 US multinational banking: history and prospects; 14 US investment banks as multinationals; Index 330 $aThis comparative, international study looks at origins and business strategies of multinational banks. A distinguished team of bankers and academics from the United States, Japan, Europe and Australia survey the evolution of multinational banks over time and suggest a conceptual framework in which this development can be understood.In-depth analyses of the multinational banking strategies of selected countries and institutions lead from early nineteenth century on to late twentieth century developments and future trends in investment banking. The approach is interdisciplinary, with e 410 0$aRoutledge Library Editions: Banking & Finance 606 $aBanks and banking, International$xHistory$vCongresses 606 $aInternational business enterprises$xHistory$vCongresses 615 0$aBanks and banking, International$xHistory 615 0$aInternational business enterprises$xHistory 676 $a332.1/5 676 $a332.15 676 $a332.1509 701 $aJones$b Geoffrey$f1952-$0116151 801 0$bMiAaPQ 801 1$bMiAaPQ 801 2$bMiAaPQ 906 $aBOOK 912 $a9910957502803321 996 $aBanks as multinationals$94487928 997 $aUNINA